PC magazine guide to 1-2-3 for Windows
| Main Author: | |
|---|---|
| Format: | Book |
| Published: |
Emeryville,California :
Ziff-David Press ,
1992
|
| Subjects: |
MARC
| LEADER | 00000cam a2200000 7i4500 | ||
|---|---|---|---|
| 001 | 0000000656 | ||
| 005 | 20050504.0 | ||
| 020 | |a 1562760211 | ||
| 040 | |a INS | ||
| 090 | 0 | 0 | |a HF5548.4.L67 |b L867 1992 |
| 100 | 1 | |a Lunsford, E.Michael | |
| 245 | 1 | 0 | |a PC magazine guide to 1-2-3 for Windows |c E.Michael Lunsford |
| 260 | |a Emeryville,California : |b Ziff-David Press , |c 1992 | ||
| 300 | |a xxviii, 643p. : |b ill ; |c 23 cm. | ||
| 650 | 0 | 0 | |a Computer programs |
| 650 | 0 | 0 | |a Lotus 1-2-3 |x Computer programs |
| 999 | |a 0000004774 |b BOOK |c Open Shelf |e Default branch | ||